书目信息 |
| 题名: |
遗传与优生
|
|
| 作者: | 王洪波 , 王敬红 主编 | |
| 分册: | ||
| 出版信息: | 北京 人民卫生出版社 2016 |
|
| 页数: | 128页 | |
| 开本: | 28cm | |
| 丛书名: | ||
| 单 册: | ||
| 中图分类: | R394 , R715 , R169.1 | |
| 科图分类: | ||
| 主题词: | 计划生育--医学院校--教材 , 优生学--医学院校--教材 , 计划生育--卫生 | |
| 电子资源: | ||
| ISBN: | 978-7-117-22607-3 | |
| 000 | 01115nam0 2200289 450 | |
| 001 | 460 | |
| 005 | 20180922134214.35 | |
| 010 | @a978-7-117-22607-3@dCNY28.00 | |
| 100 | @a20161213d2016 em y0chiy50 ea | |
| 101 | 0 | @achi |
| 102 | @aCN@b110000 | |
| 105 | @aa z 001yy | |
| 200 | 1 | @a遗传与优生@9yi chuan yu you sheng@f王洪波,王敬红主编 |
| 210 | @a北京@c人民卫生出版社@d2016 | |
| 215 | @a128页@c图@d28cm | |
| 300 | @a国家卫生和计划生育委员会“十三五”规划教材 高等卫生职业教育应用技能型规划教材·供护理、助产专业用 | |
| 330 | @a本书主要内容包括绪论,遗传与优生的分子基础,遗传与优生的细胞基础,单基因遗传与单基因遗传病,多基因遗传与遗传病,人类染色体病,遗传病的诊断与防治,出生缺陷,影响优生的非遗传因素,遗传与优生咨询,遗传与优生专题,总共十一章。 | |
| 606 | 0 | @a计划生育@x医学院校@j教材 |
| 606 | 0 | @a优生学@x医学院校@j教材 |
| 606 | 0 | @a计划生育@x卫生 |
| 690 | @aR394@v5 | |
| 690 | @aR715@v5 | |
| 690 | @aR169.1@v4 | |
| 701 | 0 | @a王洪波@9wang hong bo@c(生物学)@4主编 |
| 701 | 0 | @a王敬红@9wang jing hong@c(医学遗传学)@4主编 |
| 801 | 0 | @aCN@b91MARC@c20161213 |
| 905 | @aMuseLib@dR169.1@e262 | |
| 遗传与优生/王洪波,王敬红主编.-北京:人民卫生出版社,2016 |
| 128页:图;28cm |
| 国家卫生和计划生育委员会“十三五”规划教材 高等卫生职业教育应用技能型规划教材·供护理、助产专业用 |
| ISBN 978-7-117-22607-3:CNY28.00 |
| 本书主要内容包括绪论,遗传与优生的分子基础,遗传与优生的细胞基础,单基因遗传与单基因遗传病,多基因遗传与遗传病,人类染色体病,遗传病的诊断与防治,出生缺陷,影响优生的非遗传因素,遗传与优生咨询,遗传与优生专题,总共十一章。 |
| ● |
| 相关链接 |
|
|
|
|
正题名:遗传与优生
索取号:R169.1/262
 
预约/预借
| 序号 | 登录号 | 条形码 | 馆藏地/架位号 | 状态 | 备注 |
| 1 | 1119989 | 211199898 | 第二样本阅览室/ [索取号:R169.1/262] | 在馆 | |
| 2 | 1119990 | 211199905 | 第三借阅区/ [索取号:R169.1/262] | 在馆 | |
| 3 | 1119991 | 211199914 | 第三借阅区/ [索取号:R169.1/262] | 在馆 | |
| 4 | 1119992 | 211199923 | 第三借阅区/ [索取号:R169.1/262] | 在馆 | |
| 5 | 1119993 | 211199932 | 密集书库-生命科学系/ [索取号:R169.1/262] | 在馆 |